000 00476nam a22001697a 4500
005 20250704094931.0
008 250704b |||||||| |||| 00| 0 eng d
020 _a9788122423341
082 _a005.8
_bXAV-T
100 _aXavier, S.P.Eugene
245 _aheory of Automata Formal Languages and Computation /
260 _aUSA:
_bElsevier;
_c2020.
300 _axiv, 720 p. :
_bill;
_c24 cm.
500 _ainclude index.
650 _aArtificial Intelligence
999 _c36960
_d36960